Eléments d'embryologie / (Record no. 54439)

MARC details
000 -LEADER
campo de control de longitud fija 00715nam a2200217 i 4500
001 - NÚMERO DE CONTROL
campo de control 54439
003 - IDENTIFICADOR DE NÚMERO DE CONTROL
campo de control ES-MaACL
005 - FECHA Y HORA DE LA ÚLTIMA TRANSACCIÓN
campo de control 20250720013019.0
007 - CAMPO FIJO DE DESCRIPCIÓN FÍSICA--INFORMACIÓN GENERAL
campo de control de longitud fija t|
008 - DATOS DE LONGITUD FIJA--INFORMACIÓN GENERAL
campo de control de longitud fija 960724s1877 fr ||||1| fre d
040 ## - FUENTE DE CATALOGACIÓN
Centro catalogador/agencia de origen CAM
Lengua de catalogación spa
Centro/agencia transcriptor CAM
100 1# - ENTRADA PRINCIPAL--NOMBRE DE PERSONA
Nombre de persona Foster, M.
9 (RLIN) 51908
245 10 - MENCIÓN DEL TÍTULO
Título Eléments d'embryologie /
Mención de responsabilidad, etc. par M. Foster ... et Francis M. Balfour; traduit de l'anglais par E. Rochefort.
260 ## - PUBLICACIÓN, DISTRIBUCIÓN, ETC.
Lugar de publicación, distribución, etc. Paris :
Nombre del editor, distribuidor, etc. G. Reinwald et Cie.,
Fecha de publicación, distribución, etc. 1877 (
Fabricante typographie Paul Schmidt)
300 ## - DESCRIPCIÓN FÍSICA
Extensión [4], XV, [1], 322, [2] p. ;
Dimensiones 24 cm.
650 #7 - PUNTO DE ACCESO ADICIONAL DE MATERIA--TÉRMINO DE MATERIA
Término de materia o nombre geográfico como elemento de entrada Embriología
Fuente del encabezamiento o término embne
9 (RLIN) 135971
700 1# - ENTRADA AGREGADA--NOMBRE PERSONAL
Nombre de persona Balfour, Francis M.
9 (RLIN) 24927
700 1# - ENTRADA AGREGADA--NOMBRE PERSONAL
Nombre de persona Rochefort, E.
9 (RLIN) 98069
852 ## - LOCALIZACIÓN
Ubicación ES-MaACL
Número de control de estantería B-1663
Holdings
Estatus retirado Estado de pérdida Estado de daño No para préstamo Colección Biblioteca de origen Biblioteca actual Ubicación en estantería Fecha de adquisición Fuente de adquisición Total de préstamos Signatura topográfica completa Código de barras Visto por última vez Precio de reemplazo Tipo de ítem Koha
        Libros del s. XIX Biblioteca del Ateneo de Madrid Biblioteca del Ateneo de Madrid Sala Pardo Bazán 17/01/2008     B-1663 1057206 23/02/2023 23/02/2023 Libro impreso antiguo